000 00271nam a2200121Ia 4500
008 190216s9999||||xx |||||||||||||| ||und||
100 _aM.S. Mathew
245 0 _aB.Sc.Subsidiry Physics
250 _aI
260 _bA M Publications
_c2005
300 _a239
942 _cBK
999 _c34732
_d34732